[Event "Nezhmetdinovrapid"]
[Site "?"]
[Date "2015.05.30"]
[Round "7.10"]
[White "Nikolai, Kabanov"]
[Black "Evgeny E, Vorobiov"]
[Result "1-0"]
[BlackElo "2652"]
[WhiteElo "2510"]
[LiveChessVersion "1.4.5"]

1. e4 {[%clk 0:15:10]} c5 {[%clk 0:15:11]} 2. Nf3 {[%clk 0:15:14]} Nc6
{[%clk 0:14:59]} 3. Bb5 {[%clk 0:15:17]} e6 {[%clk 0:15:04]} 4. O-O
{[%clk 0:15:08]} Nge7 {[%clk 0:15:09]} 5. Re1 {[%clk 0:15:10]} a6
{[%clk 0:15:10]} 6. Bf1 {[%clk 0:15:14]} d5 {[%clk 0:15:09]} 7. exd5
{[%clk 0:15:17]} Nxd5 {[%clk 0:15:14]} 8. d4 {[%clk 0:15:20]} Nf6
{[%clk 0:14:50]} 9. Be3 {[%clk 0:15:11]} Be7 {[%clk 0:13:34]} 10. h3
{[%clk 0:14:42]} Nd5 {[%clk 0:12:21]} 11. Bc1 {[%clk 0:14:38]} cxd4
{[%clk 0:12:03]} 12. Nxd4 {[%clk 0:14:41]} Nxd4 {[%clk 0:12:06]} 13. Qxd4
{[%clk 0:14:43]} O-O {[%clk 0:12:09]} 14. c4 {[%clk 0:14:32]} Nb4
{[%clk 0:11:57]} 15. Qe4 {[%clk 0:14:35]} Bf6 {[%clk 0:10:44]} 16. Nc3
{[%clk 0:13:00]} Bd7 {[%clk 0:10:13]} 17. Rd1 {[%clk 0:12:44]} Qc8
{[%clk 0:08:50]} 18. Bf4 {[%clk 0:10:57]} e5 {[%clk 0:08:15]} 19. Bxe5
{[%clk 0:09:44]} Re8 {[%clk 0:07:52]} 20. Qd4 {[%clk 0:06:44]} Bxe5
{[%clk 0:03:50]} 21. Qxd7 {[%clk 0:06:44]} Bxc3 {[%clk 0:03:55]} 22. bxc3
{[%clk 0:06:30]} Nc6 {[%clk 0:03:59]} 23. Rab1 {[%clk 0:05:59]} Re7
{[%clk 0:03:53]} 24. Qxc8+ {[%clk 0:05:22]} Rxc8 {[%clk 0:03:58]} 25. g3
{[%clk 0:04:47]} g6 {[%clk 0:03:48]} 26. Bg2 {[%clk 0:04:46]} Na5
{[%clk 0:03:51]} 27. Bd5 {[%clk 0:03:59]} Rcc7 {[%clk 0:03:48]} 28. Rd4
{[%clk 0:03:31]} Kg7 {[%clk 0:03:51]} 29. Kf1 {[%clk 0:03:28]} Rc5
{[%clk 0:03:41]} 30. Rb6 {[%clk 0:03:24]} Rec7 {[%clk 0:03:37]} 31. Rb4
{[%clk 0:03:03]} Nc6 {[%clk 0:03:02]} 32. Bxc6 {[%clk 0:03:07]} R5xc6
{[%clk 0:03:07]} 33. Ke2 {[%clk 0:03:08]} a5 {[%clk 0:02:53]} 34. Ra4
{[%clk 0:03:00]} b6 {[%clk 0:02:53]} 35. Kd3 {[%clk 0:03:01]} h5 {[%clk 0:02:50]}
36. Ra3 {[%clk 0:03:03]} Rf6 {[%clk 0:02:46]} 37. Ke2 {[%clk 0:02:12]} Re6+
{[%clk 0:02:48]} 38. Kd2 {[%clk 0:02:04]} Rf6 {[%clk 0:02:52]} 39. f4
{[%clk 0:01:50]} h4 {[%clk 0:02:40]} 40. gxh4 {[%clk 0:01:44]} Rc5
{[%clk 0:02:43]} 41. Rb3 {[%clk 0:01:37]} Rh5 {[%clk 0:02:47]} 42. Rb5
{[%clk 0:01:41]} Rxh4 {[%clk 0:02:49]} 43. c5 {[%clk 0:01:43]} bxc5
{[%clk 0:02:54]} 44. Rxc5 {[%clk 0:01:47]} Rxh3 {[%clk 0:02:23]} 45. Rxa5
{[%clk 0:01:50]} Re6 {[%clk 0:02:15]} 46. a4 {[%clk 0:01:26]} Rh2+
{[%clk 0:01:26]} 47. Kd3 {[%clk 0:01:27]} Rh3+ {[%clk 0:01:31]} 48. Kc2
{[%clk 0:01:16]} Rc6 {[%clk 0:00:52]} 49. c4 {[%clk 0:01:12]} Rf3
{[%clk 0:00:48]} 50. Rb5 {[%clk 0:01:00]} Re6 {[%clk 0:00:22]} 51. Re5
{[%clk 0:00:54]} Ra6 {[%clk 0:00:26]} 52. a5 {[%clk 0:00:58]} Ra3
{[%clk 0:00:31]} 53. Rdd5 {[%clk 0:00:50]} Rf3 {[%clk 0:00:33]} 54. Re4
{[%clk 0:00:42]} Ra3 {[%clk 0:00:38]} 55. Ree5 {[%clk 0:00:41]} Rf3
{[%clk 0:00:43]} 56. Rd4 {[%clk 0:00:46]} Ra3 {[%clk 0:00:48]} 57. Kb2
{[%clk 0:00:49]} R3xa5 {[%clk 0:00:48]} 58. Rxa5 {[%clk 0:00:53]} Rxa5
{[%clk 0:00:53]} 59. Kb3 {[%clk 0:00:56]} g5 {[%clk 0:00:21]} 60. Kb4
{[%clk 0:01:01]} Rf5 {[%clk 0:00:26]} 61. fxg5 {[%clk 0:01:06]} Rxg5
{[%clk 0:00:27]} 62. c5 {[%clk 0:01:11]} Rg1 {[%clk 0:00:17]} 63. c6
{[%clk 0:01:15]} Rb1+ {[%clk 0:00:22]} 64. Kc5 {[%clk 0:01:20]} Rb8
{[%clk 0:00:17]} 65. c7 {[%clk 0:01:17]} Rc8 {[%clk 0:00:22]} 66. Kc6
{[%clk 0:01:11]} Kf6 {[%clk 0:00:17]} 67. Rd8 {[%clk 0:01:14]} Rxc7+
{[%clk 0:00:18]} 68. Kxc7 {[%clk 0:01:19]} Ke5 {[%clk 0:00:23]} 69. Re8+
{[%clk 0:01:18]} Kd5 {[%clk 0:00:27]} 70. Rf8 {[%clk 0:01:23]} Ke6
{[%clk 0:00:33]} 71. Kc6 {[%clk 0:01:28]} Kd5+ 1-0

[Event "Nezhmetdinovrapid"]
[Site "?"]
[Date "2015.05.30"]
[Round "8.4"]
[White "Zaven, Andriasian"]
[Black "Roustem, Amirkhanov"]
[Result "1-0"]
[BlackElo "2199"]
[WhiteElo "2585"]
[LiveChessVersion "1.4.5"]

1. e4 {[%clk 0:15:10]} e5 {[%clk 0:15:05]} 2. Nf3 {[%clk 0:15:15]} Nc6
{[%clk 0:15:10]} 3. Bc4 {[%clk 0:15:20]} Nf6 {[%clk 0:15:10]} 4. d3 Bc5
{[%clk 0:14:54]} 5. c3 {[%clk 0:15:28]} d6 {[%clk 0:14:55]} 6. O-O
{[%clk 0:15:30]} a6 {[%clk 0:14:53]} 7. Bb3 {[%clk 0:15:31]} O-O {[%clk 0:14:39]}
8. Nbd2 {[%clk 0:15:30]} Ba7 {[%clk 0:14:33]} 9. h3 {[%clk 0:15:33]} Ne7
{[%clk 0:14:30]} 10. Nh4 {[%clk 0:15:36]} Ng6 {[%clk 0:14:25]} 11. Nxg6
{[%clk 0:15:35]} hxg6 {[%clk 0:14:29]} 12. Nf3 {[%clk 0:15:39]} Qe7
{[%clk 0:13:18]} 13. Re1 {[%clk 0:15:26]} Be6 {[%clk 0:13:19]} 14. Bc2
{[%clk 0:15:31]} Nh7 {[%clk 0:12:47]} 15. d4 {[%clk 0:15:33]} f6 {[%clk 0:12:48]}
16. Be3 {[%clk 0:15:10]} Rf7 {[%clk 0:11:41]} 17. Bb3 {[%clk 0:14:32]} g5
{[%clk 0:11:12]} 18. h4 {[%clk 0:14:10]} gxh4 {[%clk 0:08:51]} 19. Nxh4
{[%clk 0:14:15]} exd4 {[%clk 0:08:46]} 20. Bxd4 {[%clk 0:13:50]} Bxd4
{[%clk 0:08:48]} 21. cxd4 {[%clk 0:13:42]} Bxb3 {[%clk 0:08:29]} 22. Qxb3
{[%clk 0:13:45]} c6 {[%clk 0:08:25]} 23. Re3 {[%clk 0:13:41]} Re8
{[%clk 0:07:37]} 24. Rae1 {[%clk 0:13:33]} Qd7 {[%clk 0:07:15]} 25. d5
{[%clk 0:12:09]} c5 {[%clk 0:07:03]} 26. Nf5 {[%clk 0:12:07]} Kf8
{[%clk 0:05:33]} 27. Qb6 {[%clk 0:10:50]} Rd8 {[%clk 0:05:16]} 28. Rg3
{[%clk 0:10:54]} Qc7 {[%clk 0:05:12]} 29. Qb3 {[%clk 0:10:54]} Ke8
{[%clk 0:04:21]} 30. Qf3 {[%clk 0:10:45]} Nf8 {[%clk 0:03:58]} 31. Qh5
{[%clk 0:09:53]} g6 {[%clk 0:03:14]} 32. Rxg6 {[%clk 0:09:56]} Nxg6
{[%clk 0:03:19]} 33. Qxg6 {[%clk 0:10:01]} Rdd7 {[%clk 0:03:10]} 34. Re3
{[%clk 0:09:30]} 1-0